Point culminant par département - Statistiques

Statistiques générales
  • Ce quiz a été pris 40 fois
  • Le résultat moyen est 60 sur 101
Statistiques - réponses
Altitude en mètres Lieu Région Département Rang % Correct
4102 Barre des Ecrins PACA Hautes-Alpes 2
100%
4808 Mont Blanc ARA Haute-Savoie 1
100%
3855 Grande Casse ARA Savoie 4
91%
3410 Aiguille de Chambeyron PACA Alpes-de-Haute-Provence 5
84%
3120 Cime du Gélas PACA Alpes-Maritimes 9
84%
1855 Plomb du Cantal ARA Cantal 19
84%
2706 Monte Cinto C Haute-Corse 13
84%
1886 Puy de Sancy ARA Puy-de-Dôme 18
84%
2425 Maniccia C Corse-du-Sud 16
81%
1422 Grand Ballon GE Haut-Rhin 31
81%
4088 Pic Lory ARA Isère 3
81%
1699 Mont Lozère O Lozère 24
81%
3071 Piton des Neiges OM Réunion 10
81%
1911 Mont Ventoux PACA Vaucluse 17
81%
3140 Pique d'Estats O Ariège 8
78%
3298 Vignemale O Hautes-Pyrénées 6
78%
1395 Montagne Pelée OM Martinique 32
78%
1753 Mont Mézenc ARA Ardèche 20
75%
1463 Mont d'Or BFC Doubs 29
75%
3222 Pic Perdiguère O Haute-Garonne 7
75%
2973 Pic Palas NA Pyrénées-Atlantiques 11
75%
2921 Pic Carlit O Pyrénées-Orientales 12
75%
1560 Mont Aigoual O Gard 26
72%
1467 Soufrière OM Guadeloupe 28
72%
1749 Mont Mézenc ARA Haute-Loire 21
72%
1495 Crêt Pela BFC Jura 27
72%
1363 Hohneck GE Vosges 33
72%
1631 Pierre sur Haute ARA Loire 25
69%
2469 Pic de Madrès O Aude 14
66%
340 Mont Bel-Air B Côtes-d'Armor 70
66%
1215 Ballon de Servance BFC Haute-Saône 37
66%
301 Ty Coz B Morbihan 71
66%
1712 Montagne de Lachens PACA Var 23
66%
1718 Crêt de la Neige ARA Ain 22
63%
1280 Puy de Montoncel ARA Allier 34
63%
1244 Ballon d'Alsace BFC Belfort 36
63%
387 Roc'h Ruz B Finistère 63
63%
258 Forêt de Paimpont B Ille-et-Vilaine 80
63%
119 Colline de la Bretèche PDLL Loire-Atlantique 101
63%
1461 Signal de Mailhebiau O Aveyron 30
59%
2454 Rocher Rond ARA Drôme 15
59%
416 Mont des Avaloirs PDLL Mayenne 61
59%
1008 Mont Saint Rigaud ARA Rhône 41
59%
1267 Puech de Rascas O Tarn 35
59%
290 Mont Mercure PDLL Vendée 73
59%
1098 Champ du Feu GE Bas-Rhin 39
56%
1041 Pic de Bertagne PACA Bouches-du-Rhône 40
56%
986 Grossmann GE Moselle 42
56%
341 Forêt de Perseigne PDLL Sarthe 69
56%
295 Bois de Wattigny HDF Aisne 72
53%
361 Mont Pinçon N Calvados 68
53%
721 Mont de Gien BFC Côte-d'or 51
53%
1152 Valbonne O Hérault 38
53%
367 Saint-Martin-de-Chaulieu N Manche 67
53%
271 Bois St Hubert HDF Nord 78
53%
413 Signal d'Ecouves N Orne 62
53%
211 Relais de Bullescamps HDF Pas-de-Calais 92
53%
606 Bois de la Pérouse BFC Yonne 53
53%
501 Bois des Haies GE Ardennes 57
50%
368 Rocher aux oiseaux NA Charente 66
50%
271 Terrier de Saint-Martin-du-Fouilloux NA Deux-Sèvres 78
50%
523 Haut de Baissey GE Haute-Marne 54
50%
179 Forêts de Meudon et de Fausses-Reposes IDF Hauts-de-Seine 95
50%
776 Signal de Labastide du Haut-Mont O Lot 49
50%
216 Colline de la Trottière PDLL Maine-et-Loire 88
50%
730 Roc tu Taurupt GE Meurthe-et-Moselle 50
50%
451 Bois de Vaudeville GE Meuse 60
50%
857 Grand Monarnu BFC Nièvre 46
50%
247 Moulin de Ronchois N Seine-Maritime 83
50%
506 Pech Maurel O Tarn-et-Garonne 55
50%
372 Bois du Mont GE Aube 65
47%
502 Le Magnoux CVDL Cher 56
47%
973 Mont Bessou NA Corrèze 43
47%
936 Puy des Chaires NA Creuse 44
47%
251 La Richardière N Eure 82
47%
799 Puy Lagarde NA Haute-Vienne 48
47%
467 Terrier Randoin CVDL Indre 59
47%
258 Bois des Vallées CVDL Loir-et-Cher 80
47%
286 Mont Sinaï GE Marne 74
47%
660 Mont Bénara OM Mayotte 52
47%
239 Signal de Courcelles HDF Oise 84
47%
130 Cimetière du Calvaire IDF Paris 99
47%
901 Haut-Folin BFC Saône-et-Loire 45
47%
131 Plateau de Romainville IDF Seine-Saint-Denis 98
47%
216 La Mare à Joncs HDF Somme 88
47%
231 Colline d'Elancourt IDF Yvelines 87
47%
491 Forêt de Vieillecour NA Dordogne 58
44%
286 Butte de Rougemont CVDL Eure-et-Loir 74
44%
386 Tuco O Gers 64
44%
831 Montagne Bellevue OM Guyane 47
44%
186 Signal de la Ronde CVDL Indre-et-Loire 93
44%
237 Nautuc NA Landes 85
44%
281 La Maison Rouge CVDL Loiret 77
44%
216 Butte St Georges IDF Seine-et-Marne 88
44%
130 Pas des Hautes-Bruyères IDF Val-de-Marne 99
44%
216 Buttes de Rosne IDF Val-d'Oise 88
44%
182 Chaumusson IDF Essonne 94
41%
284 Coteau de Bel-Air NA Lot-et-Garonne 76
41%
232 Signal de Prun NA Vienne 86
41%
173 Bois de Chantemerlière NA Charente-Maritime 96
38%
167 Colline de Samazeuil NA Gironde 97
38%
Aucun quiz correspondant
Distribution des résultats
% des personnes avec chaque résultat
Percentile par nombre de réponses
Votre historique - résultats
Vous n’avez pas pris ce quiz